মুসিলম ইতিহাসতত্ত্ব/ (Record no. 18020)
[ view plain ]
| 000 -LEADER | |
|---|---|
| fixed length control field | 00939nam a22002177a 4500 |
| 003 - CONTROL NUMBER IDENTIFIER | |
| control field | BDDh-ASL |
| 005 - DATE AND TIME OF LATEST TRANSACTION | |
| control field | 20231015025654.0 |
| 008 - FIXED-LENGTH DATA ELEMENTS--GENERAL INFORMATION | |
| fixed length control field | 200917b2008 ||||| b||| 001 0 d |
| 020 ## - INTERNATIONAL STANDARD BOOK NUMBER | |
| International Standard Book Number | 9845102403 |
| 040 ## - CATALOGING SOURCE | |
| Original cataloging agency | BDDh-ASL |
| Transcribing agency | BDDh-ASL |
| Modifying agency | BDDh-ASL |
| 041 ## - LANGUAGE CODE | |
| Language code of text/sound track or separate title | bengali |
| 082 ## - DEWEY DECIMAL CLASSIFICATION NUMBER | |
| Classification number | 297.092 |
| Item number | AKM |
| 100 1# - MAIN ENTRY--PERSONAL NAME | |
| Personal name | আখতারুজ্জামান, মো. |
| 9 (RLIN) | 854 |
| 245 1# - TITLE STATEMENT | |
| Title | মুসিলম ইতিহাসতত্ত্ব/ |
| Statement of responsibility, etc. | মো. আখতারুজ্জামান। |
| 246 ## - VARYING FORM OF TITLE | |
| Title proper/short title | Muslim Itihastattwa. |
| 260 ## - PUBLICATION, DISTRIBUTION, ETC. | |
| Place of publication, distribution, etc. | ঢাকা: |
| Name of publisher, distributor, etc. | ঢাকা বিশ্ববিদ্যালয়, |
| Date of publication, distribution, etc. | ২০০৮। |
| 300 ## - PHYSICAL DESCRIPTION | |
| Extent | xiv, ২৯৪ পৃষ্ঠা: |
| Dimensions | ২২ সে. শি.। |
| 504 ## - BIBLIOGRAPHY, ETC. NOTE | |
| Bibliography, etc. note | গ্রন্থপঞ্জি ও নির্ঘন্ট সংযুক্ত। |
| 650 #0 - SUBJECT ADDED ENTRY--TOPICAL TERM | |
| 9 (RLIN) | 855 |
| Topical term or geographic name entry element | মুসলমানদের ইতিহাস |
| General subdivision | ইসলাম ধর্ম |
| 942 ## - ADDED ENTRY ELEMENTS (KOHA) | |
| Source of classification or shelving scheme | Dewey Decimal Classification |
| Koha item type | Books |
| Withdrawn status | Lost status | Source of classification or shelving scheme | Damaged status | Not for loan | Collection code | Home library | Current library | Shelving location | Date acquired | Total Checkouts | Full call number | Barcode | Date last seen | Copy number | Price effective from | Koha item type |
|---|---|---|---|---|---|---|---|---|---|---|---|---|---|---|---|---|
| Dewey Decimal Classification | Non-fiction | Asiatic Society Library | Asiatic Society Library | General Stacks | 09/17/2020 | 297.092 AKM | 101167 | 09/17/2020 | C-1 | 09/17/2020 | Books |